| 000 | 01771nam a2200433Ii 4500 | ||
|---|---|---|---|
| 001 | DIGIBE1361 | ||
| 003 | NyNyDIG | ||
| 006 | m o d | ||
| 007 | cr ||||||||||| | ||
| 008 | 230309s2022 sp ob 000 0 spa d | ||
| 035 | _a(OCoLC)1351749931 | ||
| 040 |
_aDGITA _beng _erda _epn _cDGITA |
||
| 020 |
_a9783968692524 _qe-Book |
||
| 020 |
_z9788491922599 _qIberoamericana |
||
| 020 |
_z9783968692517 _qVervuert |
||
| 050 | 1 | 4 | _aPQ6641.A47 ebook |
| 245 | 0 | 0 |
_aCien años de Luces : _bensayos en torno a Luces de bohemia / _cSergio Santiago Romero (ed.) |
| 264 | 1 |
_aMadrid : _bIberoamericana ; _aFrankfurt am Main : _bVervuert, _c2022. |
|
| 300 | _a1 online resource. | ||
| 336 |
_atext _btxt _2rdacontent |
||
| 337 |
_acomputer _bc _2rdamedia |
||
| 338 |
_aonline resource _bcr _2rdacarrier |
||
| 347 |
_atext file _2rdaft |
||
| 347 | _bPDF | ||
| 490 | 1 |
_aLa casa de la riqueza. Estudios de la cultura de España ; _v66 |
|
| 504 | _aIncludes bibliographical references. | ||
| 588 | 0 | _aOnline resource; title from PDF title page (Digitalia, viewed March 9, 2023) | |
| 600 | 1 | 0 |
_aValle-Inclán, Ramón del, _d1866-1936. |
| 600 | 1 | 0 |
_aValle-Inclán, Ramón del, _d1866-1936 _xCriticism and interpretation. |
| 650 | 0 | _aBohemianism in literature. | |
| 700 | 1 |
_aSantiago Romero, Sergio, _eeditor. |
|
| 791 | 2 |
_aDigitalia (Firm), _edistributor. |
|
| 793 | 0 |
_gDigitalia eBook Collection: _aIberoamericana/Vervuert |
|
| 776 | 0 | 8 |
_iPrint version: _tCien años de Luces. _dMadrid : Iberoamericana ; Frankfurt am Main : Vervuert, 2022 _z9788491922599 |
| 830 | 0 |
_aCasa de la riqueza. _pEstudios de cultura de España ; _v66. |
|
| 856 | 4 | 0 |
_3Digitalia Hispánica _uhttps://www.digitaliapublishing.com/a/124457/ |
| 910 | _aPremium collection: 2023 | ||
| 942 | _cRAA | ||
| 999 |
_c276565 _d276565 |
||